000 00823nam a2200253 i 4500
003 EG-ScBUE
005 20250730141301.0
008 080824t2003 ii a f 000 0 eng d
020 _a8122414788
040 _aEG-ScBUE
_beng
_erda
_cEG-ScBUE
_dEG-ScBUE
082 0 4 _222
_a539.2
_bMEE
100 1 _aMeenakumari, R.,
_eauthor.
245 1 0 _aElectromagnetic fields /
_cR. Meenakumari, R. Subasri, Kongu Engg. College, Tamilnadu.
264 1 _aNew Delhi :
_bNew Age International Limited Publishers,
_c[2003]
264 4 _cc2003
300 _a421 pages :
_billustrations ;
_c26 cm
336 _2rdacontent
_atext
_btxt
337 _aunmediated
_2rdamedia
_bn
338 _avolume
_bnc
_2rdacarrier
650 0 _aElectromagnetic waves.
_2BUEsh
655 _vReading book
700 1 _aEngg, Kongu,
_eauthor.
942 _2ddc
_cBB
999 _c10127
_d10127